| 000 | 00461nam a2200145Ia 4500 | ||
|---|---|---|---|
| 999 |
_c10570 _d10570 |
||
| 082 | _a363.735 AIR; | ||
| 245 | 0 | _aAir pollution and the social sciences: formulating and implementing control programs | |
| 260 |
_aNew York _bPraeger Publishers _c1971 |
||
| 300 | _a270p. | ||
| 650 | _aSocial sciences - Enviromental aspects | ||
| 650 | _aPollution prevention | ||
| 650 | _aAir - Pollution - Enviromental aspects | ||
| 700 | _aDowning, Paul B | ||
| 942 |
_cBK _2ddc |
||